000
00361nam a2200157Ia 4500
008
100122s9999 xx 000 0 und d
082
_b
3629
_a
808.6
100
_a
KARANDIKAR R.P.
245
_a
LETTERS FROM ENGLAND
250
_a
1
260
_c
1937
300
_a
392
630
_a
LETTERS FROM ENGLAND
730
_a
LETTERS FROM ENGLAND
942
_c
BOOK
999
_c
393370
_d
393367